Guess the Taylor Swift Song with No Hints - 1 - Statistics

General Stats
  • This quiz has been taken 108 times
  • The average score is 233 of 346
Answer Stats
% Correct
I
100%
a
97%
you
96%
it
94%
the
93%
The
93%
(the
93%
we
92%
And
90%
and
90%
me,
90%
me
90%
me)
90%
to
90%
When
90%
can
88%
love,
86%
this
86%
who
86%
is
85%
on
85%
for
83%
in
83%
it's
83%
It's
83%
so
82%
(so
82%
of
81%
was
79%
are
78%
but
78%
But
78%
Like
75%
they
75%
want
74%
never
72%
said
72%
could
71%
know
69%
our
67%
been
64%
here
60%
them
60%
more
57%
something
57%
wouldn't
57%
New
56%
new
56%
(New
56%
(new
56%
Welcome
56%
welcome
56%
York,
56%
York
56%
York)
56%
put
54%
beat,
53%
beat
53%
dance
53%
heard
53%
real
53%
waitin'
53%
before
51%
blind
51%
bright,
51%
bright
51%
lights
51%
any
50%
Boys
50%
boys
50%
Everybody
50%
sound
50%
anything,
49%
anything
49%
girls
49%
hadn't
49%
Searchin'
47%
someone
47%
soundtrack,
47%
soundtrack)
47%
Took
47%
true
47%
wanted
47%
change
46%
ever-changing
46%
first
46%
keeps
46%
crazy
44%
drawer
44%
else
44%
bags
43%
broken
43%
drives
43%
dropped
43%
forevermore
43%
guessing
43%
hearts,
43%
floors
42%
under
42%
apartment
40%
village
40%
aglow
39%
crowd,
39%
great
38%
Walkin'
38%
through
36%
heartbeats
35%
loud
35%
coats
33%
Kaleidoscope
32%
No matching quizzes found
Score Distribution
Percent of People with Each Score
Percentile by Number Answered
Your Score History
You have not taken this quiz